| 000 | 01013nam a2200253 i 4500 | ||
|---|---|---|---|
| 001 | 172659 | ||
| 003 | ES-MaACL | ||
| 005 | 20230906215010.0 | ||
| 008 | 090811s1962 fr |||| | fre d | ||
| 080 | _a(031)"17" | ||
| 130 | 0 |
_aEncyclopédie ou Dictionnaire raisonné des sciences, des arts et des métiers. _9139891 |
|
| 245 | 1 | 0 |
_aTextes choisis de L'Encyclopédie ou _bDictionnaire raisonné des sciences, des arts et des métiers / _cintroduction et notes par Albert Soboul. |
| 246 | 1 | 0 | _aDictionnaire raisonné des sciences, des arts et des métiers |
| 250 | _a2e éd. rev. et augm. | ||
| 260 |
_aParis : _bÉditions Sociales, _c1962. |
||
| 300 |
_a258 p. ; _c18 cm. |
||
| 490 | 1 | _aLes classiques du peuple | |
| 500 | _aÍndice. | ||
| 650 | 4 |
_aEnciclopedias- _vObras anteriores a 1800. _912236 |
|
| 700 | 1 |
_aSoboul, Albert. _9106991 |
|
| 830 | 0 |
_aLes classiques du peuple _9189106 |
|
| 852 | 4 |
_aES-MaACL _jE-12950 _9R.139337 _z. - Biblioteca Jacinto Martínez Lacalle |
|
| 999 |
_c172659 _d172659 |
||